|
|
|
|
| LEADER |
00000cam a2200000 7i4500 |
| 001 |
0000014608 |
| 005 |
20080304.0 |
| 008 |
080304 |
| 020 |
|
|
|a 9679948161
|
| 090 |
0 |
0 |
|a 959.5
|b PRI
|
| 245 |
1 |
0 |
|a The prize winning Sheppard Memorial prize historical essays 1998
|
| 260 |
|
|
|a Malaysia :
|b The Malaysian Branch of the Royal Asiatic Society ,
|c 1999
|
| 650 |
|
0 |
|a Chinese
|x History
|x Selangor
|
| 650 |
|
0 |
|a Essay
|x History
|
| 650 |
|
0 |
|a Labuan
|x Commerce
|x History
|x 19th century
|
| 650 |
|
0 |
|a Labuan
|x Diplomacy
|x History
|x 19th century
|
| 650 |
|
0 |
|a Labuan
|x History
|x 19th century
|
| 650 |
|
0 |
|a Squatter settlements
|x History
|x Selangor
|
| 650 |
|
0 |
|a Subversive activities
|x History
|x Selangor
|
| 700 |
0 |
|
|a Persatuan Asia Diraja Bahagian Malaysia
|
| 999 |
|
|
|a 0001011285
|b Book
|c Adult Collection
|e Cawangan Tmn. Ungku Tun Aminah
|
| 999 |
|
|
|a 0001011286
|b Book
|c Adult Collection
|e Cawangan Urban Transformation Centre
|
| 999 |
|
|
|a 0001011287
|b Book
|c Adult Collection
|e Perbadanan Perpustakaan Awam Johor
|